00258nam a2200109Ia 4500003000400000008004100004082001500045100001800060245003100078260003100109300000800140OSt201105b ||||| |||| 00| 0 eng d a658.3bDEH aDESSLER, Gray aHuman Resource Management  aNew Delhi bPearson c2009 a801